000 00723nam a2200241Ia 4500
003 OSt
005 20221006165252.0
006 a|||||r|||| 00| 0
007 ta
008 221006b |||||||| |||| 00| 0 hin d
024 _a7,435
037 _cDissertations
040 _aFML
_cFML
_bhin
041 _2hin
_ahin
100 _aBhatiya Sujata Au.
_9679445
110 _aDelhi University. Faculty of Music and Fine Arts. Department of Music
245 0 _aPrabandh, Dhrupad Va Khayal Ka Tulnatmak Aadhyayan
260 _c1983
300 _a207
_ccm.
700 _aDelhi University. Faculty of Music and Fine Arts. Department of Music
942 _cDIS
_2CC
999 _c1120217
_d1120217